[Event "CZE-ch U14"]
[Site "Herlikovice"]
[Date "2021.10.27"]
[Round "5"]
[White "Sehnoutka, Vojtech"]
[Black "Martinkovic, Adam"]
[Result "0-1"]
[WhiteElo "1042"]
[BlackElo "1320"]
[PlyCount "90"]
[EventDate "2021.10.23"]
[EventType "swiss"]
[EventRounds "9"]
[EventCountry "CZE"]
[SourceTitle "EXT 2023"]
[Source "ChessBase"]
[SourceDate "2022.10.05"]
[SourceVersion "1"]
[SourceVersionDate "2022.10.05"]
[SourceQuality "1"]

1. e4 e5 2. f4 exf4 3. Nf3 d5 4. exd5 Qxd5 5. Nc3 Qd8 6. d4 Nf6 7. Bc4 Be7 8. 0-0 0-0 9. Bxf4 Bg4 10. Qe1 Re8 11. Qg3 Bxf3 12. Rxf3 Qxd4+ 13. Kh1 Qxc4 14. Re1 Nc6 15. Bg5 Qg4 16. Bxf6 Qxg3 17. Rxg3 Bxf6 18. Rf1 Bxc3 19. bxc3 Re2 20. Rgf3 f6 21. R3f2 Rae8 22. h3 Kf7 23. Kg1 Rxf2 24. Rxf2 Re1+ 25. Kh2 Ra1 26. Rd2 Ne5 27. Rd8 c6 28. Rb8 b5 29. Rb7+ Kg6 30. Rxa7 Rc1 31. h4 h5 32. a4 bxa4 33. Rxa4 Rxc2 34. Ra3 Ng4+ 35. Kh3 Ne3 36. c4 Nxc4 37. Ra6 Ne5 38. g4 Nxg4 39. Ra3 c5 40. Ra1 c4 41. Rg1 c3 42. Kg3 Rb2 43. Rc1 c2 44. Kg2 Ne3+ 45. Kf2 Rb1 0-1